Xây dựng website quản lý và chia sẻ tài liệu cho sinh viên

Báo cáo tổng kết đề tài nghiên cứu khoa học của sinh viên tham gia cuộc thi sinh viên nghiên cứu khoa học năm 2015 - 2016. ; TM tài liệu tham khảo tr. 61; Gồm 3 chương: Khảo sát hiện trạng, thu thập yêu cầu; phân tích thiết kế hệ thống; thiết kế...

תיאור מלא

שמור ב:
מידע ביבליוגרפי
מחבר ראשי: Trần, Hoàng Triều
מחברים אחרים: Trương, Văn Tuấn
פורמט: ספר
שפה:Undetermined
יצא לאור: Bình Dương 2016
נושאים:
גישה מקוונת:http://lrc.tdmu.edu.vn/opac/search/detail.asp?aID=2&ID=40251
תגים: הוספת תג
אין תגיות, היה/י הראשונ/ה לתייג את הרשומה!
Thư viện lưu trữ: Trung tâm Học liệu Trường Đại học Thủ Dầu Một
LEADER 01236nam a2200193Ia 4500
001 TDMU_40251
008 210410s9999 xx 000 0 und d
082 |a 005.730151 
100 |a Trần, Hoàng Triều 
245 0 |a Xây dựng website quản lý và chia sẻ tài liệu cho sinh viên 
245 0 |c Trần Hoàng Triều, Trương Văn Tuấn (t.hiện); Trần Bá Minh Sơn (h.dẫn) 
260 |a Bình Dương 
260 |c 2016 
300 |a 42 tr 
520 |a Báo cáo tổng kết đề tài nghiên cứu khoa học của sinh viên tham gia cuộc thi sinh viên nghiên cứu khoa học năm 2015 - 2016. ; TM tài liệu tham khảo tr. 61; Gồm 3 chương: Khảo sát hiện trạng, thu thập yêu cầu; phân tích thiết kế hệ thống; thiết kế giao diện 
650 |a Công nghệ thông tin  |x Thiết kế web  |x Tài liệu học tập  |x Sinh viên; Tài liệu điện tử  |x Thư viện  |x Sinh viên 
700 |a Trương, Văn Tuấn 
856 |u http://lrc.tdmu.edu.vn/opac/search/detail.asp?aID=2&ID=40251 
980 |a Trung tâm Học liệu Trường Đại học Thủ Dầu Một